Catalog

Record Details

Catalog Search



Available copies

  • 2 of 2 copies available at LARL/NWRL Consortium.
  • 1 of 1 copy available at Lake Agassiz Regional Library. (Show preferred library)

Current holds

0 current holds with 2 total copies.

Show All Copies
Location Call Number / Copy Notes Barcode Shelving Location Status Due Date
Breckenridge Public Library J KEE (Text) 33500009758921 Main Available -
Roseau Public Library j pb (Text) 35500004295711 Main Available -

Record details

  • ISBN: 9781416955306
  • ISBN: 1416955305
  • Physical Description: 146 p. ; 20 cm.
  • Edition: 1st Aladdin Paperbacks ed.
  • Publisher: New York : Aladdin Paperbacks, 2008.

Content descriptions

Summary, etc.:
George, Bess, and Nancy continue their ... Read More
Subject: Drew, Nancy (Fictitious character) > Fiction.
Drew, Nancy (Fictitious character) > Juvenile fiction.
Friendship > Fiction.
Genre: Mystery fiction.
LDR 01691cam a2200361Ia 4500
00194144
003LARL_NWRL_CONSORTIUM
00520080806165506.0
008071103s2008 nyu 000 1 eng d
020 . ‡a9781416955306
020 . ‡a1416955305
035 . ‡a(OCoLC)180756507
1001 . ‡aKeene, Carolyn. ‡0(LARL_NWRL_CONSORTIUM)58935
24510. ‡aPerfect cover ‡n#31/ Carolyn Keene.
250 . ‡a1st Aladdin Paperbacks ed.
260 . ‡aNew York : ‡bAladdin Paperbacks, ‡c2008.
300 . ‡a146 p. ; ‡c20 cm.
4900 . ‡aNancy Drew, girl detective ; ‡v31
520 . ‡aGeorge, Bess, and Nancy continue their investigation of the Miss Pretty Face Beauty Pageant in New York City.
650 1. ‡aDrew, Nancy (Fictitious character) ‡vFiction.
650 0. ‡aDrew, Nancy (Fictitious character) ‡vJuvenile fiction. ‡0(LARL_NWRL_CONSORTIUM)172010
650 1. ‡aFriendship ‡vFiction. ‡0(LARL_NWRL_CONSORTIUM)164944
655 7. ‡aMystery fiction. ‡2gsafd
901 . ‡a94144 ‡bOCLC ‡c94144 ‡tbiblio

Additional Resources